00978nam a22002411 450000100060000000300090000600500170001500700030003200800410003501600180007604000200009410000520011424500860016626000560025230000470030849000740035565000380042970000230046783000820049085200240057299900170059695201230061394225ES-MaACL20230906181429.0t|930725s1906 sp ||||0| spa d7 zIND9300618344 aM-BN bspa cA21 aMorelle, Fréderic-Auguste-Jules-Marie.98325014aLas llaves del campo / cComandante Morelle. Traducida... por D. Antonio Padró. aBarcelona : bRevista Científico-Militar, c1906. a2 part. en 1 v : blám., plan ; c23 cm.1 aPublicaciones de la Revista Científico Militar y Biblioteca Militar14aArtillería de campaña.9103571 aPadró, A.9882020 aPublicaciones de la Revista Científico Militar y Biblioteca Militar9183232 aES-MaACLjG-9357(1) c94225d94225 00104070aATENEOMbATENEOMcSPP3d2008-01-17eSCl0oG-9357(1)p1098412r2023-02-23 00:00:00w2023-02-23yMONOGRAFIA